Potreba nehmotných zložiek majetku pri začatí podnikania

Vymedzenie nehmotných zložiek majetku. Obchodné meno a jeho základné znaky. Ochranná známka. Domény (doménové meno). Rozdiely a spoločné znaky obchodného mena, ochrannej známky a domény. Opodstatnenie vlastníctva nehmotných zložiek majetku.

Guardado en:
Detalles Bibliográficos
Autor principal: Križan, Martin
Otros Autores: Fabian, Peter
Formato: Capítulo de libro
Lenguaje:eslovaco
Materias:
Etiquetas: Agregar Etiqueta
Sin Etiquetas, Sea el primero en etiquetar este registro!

MARC

LEADER 00000naa$a2200000$$$4500
001 0155055
005 20240502072727.7
041 0 |a slo 
044 |a SK 
245 1 0 |a Potreba nehmotných zložiek majetku pri začatí podnikania  |c Martin Križan, Peter Fabian 
520 |a Vymedzenie nehmotných zložiek majetku. Obchodné meno a jeho základné znaky. Ochranná známka. Domény (doménové meno). Rozdiely a spoločné znaky obchodného mena, ochrannej známky a domény. Opodstatnenie vlastníctva nehmotných zložiek majetku. 
610 2 0 |a známky ochranné 
610 2 0 |a meno obchodné 
610 2 0 |a vlastníctvo priemyselné 
610 2 0 |a značky výrobné 
610 2 0 |a majetok nehmotný 
610 2 0 |a podnikanie 
100 1 |a Križan, Martin 
700 1 |a Fabian, Peter